000
00289nam a2200109Ia 4500
008
220204s9999 xx 000 0 und d
082
_a
665.93
_b
BOD
245
0
_a
Durability of adhesive bonded structures
260
_a
New York
_b
John wiley
_c
1977
700
_a
Bodnar, Michael J
942
_c
BK
999
_c
33700
_d
33700